000 00549cam a22001934a 4500
003 OSt
005 20260423161320.0
008 090425s2009 ii a b 101 0 eng
020 _a9788173048142
040 _cHDL
041 _dEnglish
082 _a294.548677 P9
245 0 0 _aPerforming ecstasy :
_bthe poetics and politics of religion in India /
_cedited by Pallabi Chakravorty, Scott Kugle.
260 _aNew Delhi :
_bManohar,
_c2009.
300 _a256 p.
651 _2politics
_aIndia
942 _2CC
_cTEXL
_n0
999 _c1848457
_d1848457